| 000 | 00787nam a22002057a 4500 | ||
|---|---|---|---|
| 005 | 2010072205365.0 | ||
| 010 | _aENG-96699 | ||
| 020 |
_a9788183333870 _c450.00 |
||
| 035 | _aEN-80232 | ||
| 037 | _bDBAD/PUB | ||
| 082 | _a001.642 | ||
| 100 |
_aBoyet, Howard _91029 |
||
| 245 |
_aThe 8051 programming, interfacing, applications: _cby Howard Boyet [and] Ron Katz _b81 hands-on experiments with INTEL'S SDK-51 / |
||
| 260 |
_aNew Delhi _bBPB publications _c2010 |
||
| 270 |
_bNew Delhi _e110001 _aB-4, connaught place, |
||
| 300 |
_axx, 396 p. _c24 cm (pbk) |
||
| 700 |
_aKatz, Ron _91030 |
||
| 942 |
_2ddc _cEN _mHOW _h001.642 |
||
| 999 |
_c37411 _d37411 |
||